Article 8 ECHR, gypsies and some remaining problems after South Buckinghamshire (Record no. 72413)

MARC details
000 -LEADER
fixed length control field 01549cam a2200313 4500
001 - CONTROL NUMBER
control field ABS66547
008 - FIXED-LENGTH DATA ELEMENTS--GENERAL INFORMATION
fixed length control field 030401n2003 000 0 eng u
035 ## - SYSTEM CONTROL NUMBER
System control number (Sirsi) u121855
100 ## - MAIN ENTRY--PERSONAL NAME
Personal name McCracken, R.
245 ## - TITLE STATEMENT
Title Article 8 ECHR, gypsies and some remaining problems after South Buckinghamshire
260 ## - PUBLICATION, DISTRIBUTION, ETC.
Date of publication, distribution, etc. 2003
490 ## - SERIES STATEMENT
Series statement Journal of Planning and Environment Law
Volume/sequential designation April 2003, 382-396(15)
520 ## - SUMMARY, ETC.
Summary, etc. Examines the implications of the CA's decisions in four appeals, commonly known as "South Bucks DC v Porter" (CA Abs65647), concerning the application of the European Convention on Human Rights Art 8 to the court's discretion under the Town and Country Planning Act 1990 s187b. Addresses the criticism that the judgment may have undermined s187b as an effective tool to end breaches of planning control. Also seeks to set the judgment in the context of the history of injunctive relief for breaches of planning control [Taken partly from journal headnote}.
590 ## - LOCAL NOTE (RLIN)
Local note ABS
650 ## - SUBJECT ADDED ENTRY--TOPICAL TERM
Topical term or geographic name entry element SOUTH BUCKS DC V PORTER
650 ## - SUBJECT ADDED ENTRY--TOPICAL TERM
Topical term or geographic name entry element CHICHESTER DC V SEARLE AND OTHERS
650 ## - SUBJECT ADDED ENTRY--TOPICAL TERM
Topical term or geographic name entry element WREXHAM BC V BERRY
650 ## - SUBJECT ADDED ENTRY--TOPICAL TERM
Topical term or geographic name entry element HERTSMERE BC V HARTY AND OTHERS
650 ## - SUBJECT ADDED ENTRY--TOPICAL TERM
Topical term or geographic name entry element CONVENTION FOR THE PROTECTION OF HUMAN RIGHTS AND FUNDAMENTAL FREEDOMS ART 8
650 ## - SUBJECT ADDED ENTRY--TOPICAL TERM
Topical term or geographic name entry element TOWN AND COUNTRY PLANNING ACT 1990 S187(B)
650 ## - SUBJECT ADDED ENTRY--TOPICAL TERM
Topical term or geographic name entry element GYPSIES
650 ## - SUBJECT ADDED ENTRY--TOPICAL TERM
Topical term or geographic name entry element BREACH
650 ## - SUBJECT ADDED ENTRY--TOPICAL TERM
Topical term or geographic name entry element PLANNING CONTROL
650 ## - SUBJECT ADDED ENTRY--TOPICAL TERM
Topical term or geographic name entry element DOE CIRCULAR 01/1994
650 ## - SUBJECT ADDED ENTRY--TOPICAL TERM
Topical term or geographic name entry element INJUNCTIVE RELIEF
690 ## - LOCAL SUBJECT ADDED ENTRY--TOPICAL TERM (OCLC, RLIN)
Topical term or geographic name as entry element Planning and development
9 (RLIN) 6259
700 ## - ADDED ENTRY--PERSONAL NAME
Personal name Jones, G.
942 ## - ADDED ENTRY ELEMENTS (KOHA)
Suppress in OPAC 0
Holdings
Withdrawn status Lost status Source of classification or shelving scheme Damaged status Not for loan Home library Current library Shelving location Date acquired Total Checkouts Full call number Barcode Date last seen Copy number Price effective from Koha item type
    Dewey Decimal Classification     London London Journal article 01/04/2003   ABS66547 121855-1001 06/08/2019 1 06/08/2019 Journal article